Music Quiz

Random Music or The Beatles Quiz
Score 0/131 Timer 10:00
9 Plays Today
% Correct
I
98.1%
I
98.1%
I
98.1%
I
98.1%
I
98.1%
I
98.1%
I
98.1%
I
98.1%
I
98.1%
I
98.1%
the
91.2%
the
91.2%
the
91.2%
the
91.2%
love
88.3%
love
88.3%
love
88.3%
you
88.2%
you
88.2%
you
88.2%
you
88.2%
you
88.2%
You
88.2%
you
88.2%
you
88.2%
you
88.2%
you
88.2%
and
82.6%
and
82.6%
and
82.6%
to
72.8%
we
72%
be
63.5%
it
61.4%
my
56.9%
my
56.9%
my
56.9%
my
56.9%
my
56.9%
my
56.9%
know
55.9%
know
55.9%
know
55.9%
know
55.9%
% Correct
No
55.5%
see
54.4%
see
54.4%
see
54.4%
all
49.9%
all
49.9%
all
49.9%
don't
48.8%
don't
48.8%
don't
48.8%
don't
48.8%
your
48.6%
how
47.8%
how
47.8%
how
47.8%
how
47.8%
why
47.1%
there
47.1%
there
47.1%
at
45.6%
at
45.6%
at
45.6%
at
45.6%
at
45.6%
look
43.3%
look
43.3%
look
43.3%
look
43.3%
Look
43.3%
They
40.1%
were
38%
were
38%
were
38%
too
36.6%
world
35.2%
one
34.3%
With
33.5%
it's
31.1%
while
30.2%
while
30.2%
while
30.2%
guitar
30%
guitar
30%
guitar
30%
% Correct
guitar
30%
guitar
30%
guitar
30%
gently
29.7%
gently
29.7%
gently
29.7%
gently
29.7%
gently
29.7%
gently
29.7%
weeps
29.7%
weeps
29.7%
weeps
29.7%
weeps
29.7%
weeps
29.7%
weeps
29.7%
told
26.5%
Still
26.5%
Still
26.5%
Still
26.5%
every
25%
that's
24.2%
that's
24.2%
sleeping
23.8%
sleeping
23.8%
needs
23.6%
floor
22.3%
sweeping
22.2%
nobody
21.4%
must
21.1%
turning
20.9%
sold
18.9%
notice
18.6%
bought
18.5%
unfold
18.1%
someone
17.7%
perverted
17.3%
learning
16.2%
diverted
16.1%
mistake
15.7%
surely
15.6%
controlled
15%
alerted
14.8%
inverted
13.5%
Come Together.
Have Fun.
All Virtual.
We all need to come together. Play Sporcle's virtual live trivia to have fun, connect with people, and get your trivia on. Join a live hosted trivia game for your favorite pub trivia experience done virtually. If a virtual private party is more your thing, go here for details.

You're not logged in!

Compare scores with friends on all Sporcle quizzes.
OR
Log In

Sporcle TV

Today on Sporcle TV


Watch our educational content, quiz creation guides, and fun videos on Sporcle TV.

Show Comments

Extras

Top Quizzes Today


Score Distribution

Paid Content

Your Account Isn't Verified!

In order to create a playlist on Sporcle, you need to verify the email address you used during registration. Go to your Sporcle Settings to finish the process.

Report this User

Report this user for behavior that violates our Community Guidelines.

Details: